书目信息 |
| 题名: |
运动性血红蛋白降低与造血机制的研究
|
|
| 作者: | 盛蕾 著 | |
| 分册: | ||
| 出版信息: | 北京 北京体育大学出版社 2011 |
|
| 页数: | 211页 | |
| 开本: | 23cm | |
| 丛书名: | ||
| 单 册: | ||
| 中图分类: | R874 , R556 | |
| 科图分类: | ||
| 主题词: | 运动性疾病--贫血--影响--红细胞--功能--研究 | |
| 电子资源: | ||
| ISBN: | 978-7-5644-0718-6 | |
| 000 | 01176nam0 2200289 450 | |
| 001 | 1538230313 | |
| 005 | 20150706103828.14 | |
| 010 | @a978-7-5644-0718-6@dCNY30.00 | |
| 049 | @aA330000ZJL@bUCS01004959438@c012011042705 | |
| 090 | @aG804@bsl | |
| 096 | @aG804@bsl | |
| 100 | @a20110922d2011 em y0chiy50 ea | |
| 101 | 0 | @achi@eeng |
| 102 | @aCN@b110000 | |
| 105 | @aa z 000yy | |
| 106 | @ar | |
| 200 | 1 | @a运动性血红蛋白降低与造血机制的研究@Ayun dong xing xue hong dan bai jiang di yu zao xie ji zhi de yan jiu@b专著@dResearch on exercise-induced hemoglobin reduction and hematogenesis mechanism@f盛蕾著@zeng |
| 210 | @a北京@c北京体育大学出版社@d2011 | |
| 215 | @a211页@c图@d23cm | |
| 330 | @a本书内容包括:红细胞的生成及运动性血红蛋白降低、运动性血红蛋白降低动物模型的建立、长期训练对血细胞参数的影响、长期训练对铁代谢的影响等。 | |
| 510 | 1 | @aResearch on exercise-induced hemoglobin reduction and hematogenesis mechanism@zeng |
| 606 | 0 | @a运动性疾病@x贫血@x影响@x红细胞@x功能@x研究 |
| 690 | @aR874@v4 | |
| 690 | @aR556@v4 | |
| 701 | 0 | @a盛蕾@c(女,@Asheng lei@f1963~)@4著 |
| 801 | 0 | @aCN@bZL@c20110926 |
| 905 | @a213230@dR874@et5 | |
| 运动性血红蛋白降低与造血机制的研究=Research on exercise-induced hemoglobin reduction and hematogenesis mechanism/盛蕾著.-北京:北京体育大学出版社,2011 |
| 211页:图;23cm |
| ISBN 978-7-5644-0718-6:CNY30.00 |
| 本书内容包括:红细胞的生成及运动性血红蛋白降低、运动性血红蛋白降低动物模型的建立、长期训练对血细胞参数的影响、长期训练对铁代谢的影响等。 |
| ● |
| 相关链接 |
|
|
|
|
正题名:运动性血红蛋白降低与造血机制的研究
索取号:R874/t5
 
预约/预借
| 序号 | 登录号 | 条形码 | 馆藏地/架位号 | 状态 | 备注 |
| 1 | 6940015 | 269400150 | 密集书库-体育系/ [索取号:R874/t5] | 在馆 | |
| 2 | 6940016 | 269400169 | 密集书库-体育系/ [索取号:R874/t5] | 在馆 |